00488nam a2200145 a 450000100100000000500170001000800410002702000180006804000250008608200150011110000180012624501280014426000430027230000270031500004026320201002034023.0130821s2011 dr a 000 0 spa d a9789945882414 aDO-SdBNPbspacBNPHU axxxxbxxxx1 aArias, Yvonne10aFunciones y servicios ambientales de los ecosistemas :breserva de la biosfera Jaragua-Bahoruco-Enriquillo /cYvonne Arias. aSanto Domingo :bGrupo Jaragua,c2011. a37 p. :bil. ;c22 cm.